[Event "4th SICC Masters"]
[Site "Singapore SIN"]
[Date "2007.12.19"]
[Round "5"]
[White "Corke,A"]
[Black "Chua Xing Jian,G"]
[Result "1-0"]
[WhiteElo "2209"]
[BlackElo "2065"]

1.d4 Nf6 2.Bg5 e6 3.e4 h6 4.Bxf6 Qxf6 5.c3 d5 6.Nd2 Qd8 7.Ngf3 Be7 8.Bd3 dxe4
9.Nxe4 Nd7 10.Qe2 c6 11.Ng3 Qa5 12.O-O O-O 13.Nd2 Re8 14.f4 c5 15.Nb3 Qb6
16.dxc5 Nxc5 17.Nxc5 Bxc5+ 18.Kh1 Bd7 19.Nh5 Bf8 20.Qe4 f5 21.Qe2 Qc7 22.Rad1 Rad8
23.Bc4 Kh7 24.Bb3 a5 25.Rd2 Bb5 26.Qxb5  1-0

[Event "Open A"]
[Site "Zadar CRO"]
[Date "2007.12.22"]
[Round "9"]
[White "Rusev,K"]
[Black "Cebalo,M"]
[Result "1/2-1/2"]
[WhiteElo "2479"]
[BlackElo "2550"]

1.d4 Nf6 2.Bg5 e6 3.e4 h6 4.Bxf6 Qxf6 5.c3 d6 6.Bd3 e5 7.Ne2 g6 8.O-O Bg7
9.f4 Qe7 10.f5 Nd7 11.fxg6 fxg6 12.Nd2 Nf6 13.Qb3 c6 14.a4 Be6 15.Bc4 Bxc4
16.Nxc4 O-O-O 17.d5 Qc7 18.a5 Rhf8 19.a6 b6 20.Ne3 cxd5 21.Rxf6 Bxf6 22.Nxd5 Qc5+
23.Kh1 Bg5 24.c4 Rf2 25.Ng1 Rdf8 26.Qh3+ Kd8 27.Qe6 Rf1 28.Rxf1 Rxf1 29.Qg8+ Kd7
30.Qg7+ Kd8 31.Qg8+ Kd7  1/2-1/2

[Event "Harmonie Open A"]
[Site "Groningen NED"]
[Date "2007.12.27"]
[Round "6"]
[White "Simutowe,A"]
[Black "Rotstein,A"]
[Result "0-1"]
[WhiteElo "2421"]
[BlackElo "2534"]

1.d4 Nf6 2.Bg5 e6 3.e4 h6 4.Bxf6 Qxf6 5.Nc3 d6 6.g3 e5 7.Bg2 c6 8.Nge2 g6
9.f4 Bg7 10.dxe5 dxe5 11.O-O O-O 12.f5 Na6 13.a3 Nc7 14.Rf3 b6 15.h4 Ba6
16.Qd7 Nb5 17.fxg6 Qxg6 18.Nxb5 Bxb5 19.Nc3 Rfd8 20.Qb7 Bc4 21.b3 Be6 22.Qxc6 Rac8
23.Qb5 Rd2 24.Raf1 Bf8 25.Qa6 Bc5+ 26.Kh1 Rcd8 27.b4 Bd4 28.Qxa7 Rxg2 29.Qe7 Rd7
30.Qe8+ Kg7 31.Kxg2 Qg4 32.Rf5 Bxc3  0-1

[Event "Masters"]
[Site "Liege BEL"]
[Date "2008.01.04"]
[Round "2"]
[White "Goossens,E"]
[Black "Godart,F"]
[Result "1-0"]
[WhiteElo "2302"]
[BlackElo "2035"]

1.d4 Nf6 2.Bg5 e6 3.e4 c5 4.d5 h6 5.Bxf6 Qxf6 6.Nc3 Be7 7.Nf3 e5 8.Nd2 d6
9.Bd3 O-O 10.h4 Qg6 11.g3 Bg4 12.Be2 f5 13.Bxg4 Qxg4 14.Qxg4 fxg4 15.Nc4 Na6
16.Nb5 Rf6 17.a3 b6 18.Rf1 Kf7 19.c3 Ke8 20.a4 Kd7 21.a5 Bd8 22.axb6 axb6
23.Ke2 Bc7 24.Ra3 Kc8 25.Rfa1 Kb7 26.Rxa6 Rxa6 27.Rxa6 Kxa6 28.Nxc7+ Kb7
29.Ne8 Rf8 30.Nexd6+  1-0

[Event "XXXIII Open"]
[Site "Sevilla ESP"]
[Date "2008.01.09"]
[Round "6"]
[White "Barrios Munoz,R"]
[Black "Teran Alvarez,I"]
[Result "0-1"]
[WhiteElo "2138"]
[BlackElo "2404"]

1.d4 Nf6 2.Bg5 e6 3.e4 c5 4.Bxf6 Qxf6 5.Nf3 cxd4 6.Qxd4 Qxd4 7.Nxd4 a6 8.Nd2 Nc6
9.Nxc6 bxc6 10.Nc4 Rb8 11.e5 f6 12.f4 g5 13.fxg5 fxe5 14.Be2 d5 15.Bh5+ Kd7
16.Nxe5+ Kc7 17.O-O-O Bg7 18.Rde1 Rf8 19.b3 Rb7 20.Nd3 Kd6 21.Rhf1 Rxf1 22.Rxf1 e5
23.Ne1 e4 24.h3 a5 25.Rf7 Rxf7 26.Bxf7 Be5 27.g6 hxg6 28.Bxg6 Bg3 29.Kd1 Ke5
30.c3 c5 31.Nc2 d4 32.Bf7 Bb7 33.cxd4+ cxd4 34.Bh5 Ba6 35.Na3 Bf1 36.Nc4+ Kf4
37.Nxa5 d3 38.Nc4 e3  0-1

[Event "ch-CUB"]
[Site "Santa Clara CUB"]
[Date "2008.01.15"]
[Round "8"]
[White "Hernandez Carmenates,Hold"]
[Black "Almeida Quintana,O"]
[Result "1/2-1/2"]
[WhiteElo "2590"]
[BlackElo "2500"]

1.d4 Nf6 2.Bg5 e6 3.e4 h6 4.Bxf6 Qxf6 5.Nc3 Bb4 6.a3 Bxc3+ 7.bxc3 d6 8.g3 e5
9.Bg2 Nc6 10.Ne2 h5 11.h4 Bg4 12.f3 Bxf3 13.O-O Bxe2 14.Qxe2 Qd8 15.Bh3 exd4
16.cxd4 O-O 17.c3 g6 18.Rab1 b6 19.Rf4 Qe7 20.Rbf1 Rae8 21.Kh2 Nd8 22.Bg2 Kg7
23.Qf2 f6 24.g4 Ne6 25.gxh5 Nxf4 26.Qxf4 g5 27.Qf5 Kh8 28.Qg4 gxh4 29.Qxh4 f5
30.Qf4 Qg7 31.exf5 Re2 32.Qf3 Rc2 33.Kh1 Qg5 34.f6 Rc1 35.Rxc1 Qxc1+ 36.Bf1 Qh6
37.f7 Qg5 38.Bd3 Kg7 39.Bg6 Qc1+ 40.Kh2 Qxa3 41.Qg3 Qa2+ 42.Kh3 Kh8 43.Qf4 Qe6+
44.Kg2 Qd5+ 45.Kg3 Kg7 46.Qg4 Kh8 47.Qf4 Kg7 48.Qg4 Kh6 49.Qf4+ Kg7  1/2-1/2

[Event "IMB1"]
[Site "Marianske Lazne CZE"]
[Date "2008.01.25"]
[Round "8"]
[White "Thorfinnsson,Bj"]
[Black "Vokoun,J"]
[Result "1-0"]
[WhiteElo "2364"]
[BlackElo "2217"]

1.d4 Nf6 2.Bg5 e6 3.e4 h6 4.Bxf6 Qxf6 5.Nc3 a6 6.Qd2 c5 7.d5 e5 8.Na4 b5
9.Nc3 d6 10.a4 b4 11.Nd1 Nd7 12.Ne3 g6 13.Bd3 h5 14.Qe2 Bh6 15.Nc4 Qe7 16.a5 O-O
17.Nf3 Bb7 18.Nfd2 Nf6 19.Nb6 Ra7 20.h4 Ne8 21.Ndc4 Kh7 22.c3 bxc3 23.bxc3 Ng7
24.f3 f5 25.Kd1 f4 26.Kc2 Ne8 27.Rab1 Bg7 28.Qf2 Nc7 29.Kd2 Rf7 30.Bc2 Bf8
31.Ba4 Qd8 32.Kc2 Nb5 33.Rb3 Be7 34.Na3 Nxa3+ 35.Rxa3 Qc7 36.Rb3 Bd8 37.Rhb1 Qe7
38.Nc4 Rg7 39.Qd2 Bc8 40.Bc6 Bc7 41.Nb6 Qd8 42.Qe2 g5 43.hxg5 Rxg5 44.R1b2 h4
45.Kb1 h3 46.gxh3 Bxh3 47.Qh2 Rg3 48.Bd7 Qh4 49.Nc8 Ra8 50.Rb7 Bxa5 51.Bxh3+ Kh6
52.Rh7+  1-0

[Event "6th Gibtelecom Masters"]
[Site "Gibraltar ENG"]
[Date "2008.01.26"]
[Round "5"]
[White "Walton,A"]
[Black "Greef,M"]
[Result "1-0"]
[WhiteElo "2207"]
[BlackElo "2025"]

1.d4 Nf6 2.Bg5 e6 3.e3 h6 4.Bh4 Be7 5.Bd3 b6 6.Nd2 Bb7 7.f3 d6 8.Ne2 Nbd7
9.O-O O-O 10.Bf2 e5 11.c3 Ne8 12.Qc2 g6 13.e4 Bg5 14.g3 Ng7 15.f4 Be7 16.Be3 Kh7
17.Rf2 Qe8 18.Raf1 f6 19.a4 d5 20.exd5 Bxd5 21.c4 Be6 22.Nf3 exd4 23.Nexd4 f5
24.Re2 Qf7 25.Nc6 Bf6 26.b4 Ne8 27.Bd4 Nd6 28.Rc1 Rfe8 29.Be5 Bxe5 30.fxe5 Nc8
31.Ncd4 Nf8 32.Nh4 Ne7 33.Rf2 Qg8 34.Rcf1 h5 35.Qe2 Bf7 36.Qe3 c5 37.bxc5 bxc5
38.Nb5 Nc6 39.Nxf5 gxf5 40.Rxf5 Qg7 41.Rxf7+ Kg8 42.Rxg7+ Kxg7 43.Qg5+  1-0

[Event "6th Gibtelecom Masters"]
[Site "Gibraltar ENG"]
[Date "2008.01.30"]
[Round "9"]
[White "Bigg,A"]
[Black "Zhao Xue"]
[Result "0-1"]
[WhiteElo "2231"]
[BlackElo "2517"]

1.d4 Nf6 2.Bg5 e6 3.e4 h6 4.Bxf6 Qxf6 5.c3 d6 6.Bd3 e5 7.Ne2 Qd8 8.O-O Be7
9.f4 O-O 10.Nd2 Bg4 11.Nf3 Nd7 12.Qb3 exd4 13.cxd4 c5 14.Bb5 Nf6 15.e5 dxe5
16.dxe5 Ne4 17.Qc2 c4 18.Qxe4 Qb6+ 19.Kh1 Qxb5 20.f5 Bxf3 21.Rxf3 f6 22.e6 Rfd8
23.Rg3 Rd3 24.Qg4 Rxg3 25.Nxg3 Kh8 26.Nh5 Rg8 27.Nf4 Bd6 28.Ng6+ Kh7 29.Rd1 Rc8
30.Rxd6 c3 31.h3 c2 32.Rd1 cxd1=Q+ 33.Qxd1 Qxf5 34.Ne7 Qc2 35.Qd6 Rc7 36.Nd5 Rc6
37.Qd7 Qf5  0-1

[Event "6th Gibtelecom Masters"]
[Site "Gibraltar ENG"]
[Date "2008.01.30"]
[Round "9"]
[White "Walton,A"]
[Black "Wintzer,J"]
[Result "0-1"]
[WhiteElo "2207"]
[BlackElo "2349"]

1.d4 Nf6 2.Bg5 e6 3.e4 h6 4.Bxf6 Qxf6 5.Nc3 Bb4 6.Qd2 c5 7.a3 Bxc3 8.bxc3 d6
9.Bd3 Nc6 10.Ne2 e5 11.O-O O-O 12.Bb5 Na5 13.dxc5 dxc5 14.Qd5 Qb6 15.Ba4 Qc7
16.f4 a6 17.c4 Be6 18.Qxe5 Qxe5 19.fxe5 Bxc4 20.Rf2 b5 21.Bb3 Nxb3 22.cxb3 Bxb3
23.Rc1 Rac8 24.Rf3 Bc4 25.Ng3 g6 26.Rf6 Be6 27.Ne2 Rfe8 28.Kf2 a5 29.Ke3 Bc4
30.Ra6 Rcd8 31.Rc3 Rxe5 32.Rxa5 h5 33.a4 Bxe2 34.Kxe2 Rxe4+ 35.Kf3 Rxa4 36.Rxb5 Rd2
37.h3 c4 38.Rc5 Rd3+ 39.Rxd3 cxd3 40.Rd5 Ra3 41.Kf4 Ra2 42.g4 hxg4 43.hxg4 d2
44.Rd8+ Kg7 45.g5 Rb2 46.Ke3 f5 47.gxf6+ Kxf6 48.Rxd2 Rxd2 49.Kxd2 Kf5 50.Ke2 Kg4
51.Kf2 Kh3 52.Kf1 g5 53.Kg1 g4  0-1

[Event "FSGM February"]
[Site "Budapest HUN"]
[Date "2008.02.07"]
[Round "6"]
[White "Bui Vinh"]
[Black "Kristjansson,St"]
[Result "1/2-1/2"]
[WhiteElo "2482"]
[BlackElo "2476"]

1.d4 Nf6 2.Bg5 e6 3.e4 h6 4.Bxf6 Qxf6 5.c3 d6 6.Bd3 Qg5 7.Nf3 Qxg2 8.Rg1 Qh3
9.Nbd2 g5 10.Rg3 Qh5 11.Be2 Qg6 12.Qb3 Nd7 13.O-O-O Qf6 14.e5 dxe5 15.Nxe5 Nxe5
16.dxe5 Qxe5 17.Re3 Qxh2 18.Qa4+ Bd7 19.Qd4 Rg8 20.Ne4 Bd6 21.Nf6+ Ke7 22.Rf3 Rgf8  1/2-1/2

[Event "FSIMA February"]
[Site "Budapest HUN"]
[Date "2008.02.07"]
[Round "6"]
[White "Duong The Anh"]
[Black "Eperjesi,L"]
[Result "1-0"]
[WhiteElo "2381"]
[BlackElo "2285"]

1.d4 Nf6 2.Bg5 e6 3.e4 h6 4.Bxf6 Qxf6 5.c3 e5 6.Nf3 d6 7.Nbd2 g6 8.Bb5+ c6
9.Be2 Bg7 10.dxe5 dxe5 11.Nc4 O-O 12.Qd6 Qf4 13.O-O Qxe4 14.Bd3 Qd5 15.Qxd5 cxd5
16.Ncxe5 Nc6 17.Rfe1 Nxe5 18.Nxe5 Re8 19.Nf3 Bd7 20.h3 Rxe1+ 21.Rxe1 Re8
22.Rd1 Ba4 23.Rd2 h5 24.Bf1 Bc6 25.Rd1 Bf6 26.Bd3 Kg7 27.Kf1 Re7 28.Be2 Re8
29.Nd4 Bd8 30.Bb5 Bxb5+ 31.Nxb5 a6 32.Nd6 Re5 33.Nxb7 Bb6 34.a4 d4 35.cxd4 Rd5
36.b4 Bxd4 37.Nc5  1-0

[Event "16th FAJR Open"]
[Site "Urmia IRI"]
[Date "2008.02.08"]
[Round "10"]
[White "Zeynalov,F"]
[Black "Sanikidze,T"]
[Result "1-0"]
[WhiteElo "2269"]
[BlackElo "2461"]

1.d4 Nf6 2.Bg5 e6 3.e4 h6 4.Bxf6 Qxf6 5.Nc3 Bb4 6.Ne2 e5 7.dxe5 Qxe5 8.Qd3 O-O
9.O-O-O c6 10.f4 Qa5 11.g4 d5 12.exd5 Rd8 13.Rg1 cxd5 14.g5 d4 15.gxh6 Bf5
16.Rxg7+ Kh8 17.Qg3 Bg6 18.Rxg6 dxc3 19.Rxd8+ Qxd8 20.Rd6 cxb2+ 21.Kb1 Qg8
22.Rd8 Bf8 23.Qxg8+ Kxg8 24.h7+ Kxh7 25.Rxf8  1-0

[Event "2nd Int Open Congress"]
[Site "Brentwood ENG"]
[Date "2008.02.16"]
[Round "3"]
[White "Munson,S"]
[Black "Parsonage,I"]
[Result "1-0"]
[WhiteElo "2191"]
[BlackElo "2250"]

1.d4 Nf6 2.Bg5 e6 3.e3 c5 4.c3 Nc6 5.Nf3 h6 6.Bh4 Be7 7.Nbd2 d5 8.Bd3 O-O
9.O-O b6 10.Ne5 Nxe5 11.dxe5 Nd7 12.Bg3 f5 13.exf6 Nxf6 14.e4 Bb7 15.Qe2 d4
16.c4 Qe8 17.e5 Nh7 18.f4 h5 19.Ne4 g6 20.Nd6 Bxd6 21.exd6 Qf7 22.Rae1 Rfe8
23.Bh4 Kg7 24.Qe5+ Kg8 25.Be7 Nf8 26.Bxf8 Rxf8  1-0

[Event "2nd Int Open Congress"]
[Site "Brentwood ENG"]
[Date "2008.02.17"]
[Round "5"]
[White "Munson,S"]
[Black "Mutale,E"]
[Result "0-1"]
[WhiteElo "2191"]
[BlackElo "1828"]

1.d4 Nf6 2.Bg5 e6 3.e3 b6 4.Nd2 Bb7 5.Ngf3 Be7 6.Bd3 d6 7.c3 h6 8.Bh4 g5
9.Bg3 Nh5 10.O-O Nxg3 11.fxg3 h5 12.e4 Rg8 13.Ne1 g4 14.Qe2 Bg5 15.Nc2 Nd7
16.a4 Nf6 17.e5 dxe5 18.dxe5 Nd7 19.Nd4 Bxd2 20.Qxd2 Nxe5 21.Rae1 Nxd3 22.Nxe6 fxe6
23.Rxe6+ Kd7 24.Qxd3+ Kc8 25.Qf5 Kb8 26.Qf2 a6 27.Rfe1 Ka7 28.a5 Rf8 29.Qe2 Qd5
30.Re5 Rae8 31.axb6+ cxb6 32.Rxd5 Rxe2 33.Rxe2 Bxd5 34.h3 gxh3 35.gxh3 a5
36.Re5 Bf3 37.Kf2 Bg4+ 38.Kg2 Bd1 39.Rg5 Ka6 40.g4 hxg4 41.hxg4 Rf4 42.Kg3 Rxg4+
43.Rxg4 Bxg4 44.Kxg4 Kb5 45.b3 a4 46.c4+ Kb4 47.bxa4 Kxa4 48.Kf4 Kb4 49.Ke3 Kxc4
50.Kd2 Kb3 51.Kc1 b5 52.Kb1 b4  0-1

[Event "XXIV Open"]
[Site "Cappelle La Grande FRA"]
[Date "2008.02.18"]
[Round "4"]
[White "Marville,G"]
[Black "Forsaa,E"]
[Result "1-0"]
[WhiteElo "2074"]
[BlackElo "2285"]

1.d4 Nf6 2.Bg5 e6 3.e4 h6 4.Bxf6 Qxf6 5.c3 d6 6.Nd2 c6 7.Bd3 e5 8.Ngf3 Be6
9.O-O Nd7 10.Re1 g5 11.d5 Nc5 12.Bc4 cxd5 13.exd5 Bd7 14.b4 Na4 15.Ne4 Qg6
16.Bb3 b5 17.Bxa4 bxa4 18.Nc5 Bg7 19.Nxd7 Kxd7 20.Qxa4+ Ke7 21.Nd4 Rhe8 22.Nb5 Rec8
23.Nxa7 Kf8 24.Qd7 Rxc3 25.Nb5 Rc2 26.Nxd6 e4 27.Rac1 Rxc1 28.Rxc1 Be5 29.Nf5 Re8
30.Rc8 f6 31.Qe7+  1-0

[Event "10th TCh-Euro sen"]
[Site "Dresden GER"]
[Date "2008.02.18"]
[Round "8"]
[White "Haubt,G"]
[Black "Rosino,A"]
[Result "0-1"]
[WhiteElo "2236"]
[BlackElo "2267"]

1.d4 Nf6 2.Bg5 e6 3.Nc3 h6 4.Bxf6 Qxf6 5.e4 g6 6.Qd2 Bg7 7.e5 Qe7 8.f4 d6
9.Nf3 dxe5 10.Nxe5 Nd7 11.g3 Nxe5 12.dxe5 Bd7 13.Bg2 Qc5 14.O-O-O O-O-O 15.Be4 Bc6
16.Qe2 Rxd1+ 17.Rxd1 Rd8 18.Rxd8+ Kxd8 19.Qd3+ Kc8 20.Bxc6 Qxc6 21.Ne4 Qd5
22.b3 Qa5 23.a4 Qd5 24.g4 g5 25.fxg5 Qxe5 26.h4 Qf4+ 27.Kb1 Qxg4 28.Ka2 Qxh4
29.Qf3 Qh2 30.gxh6 Qxc2+ 31.Ka3 Bf8+ 32.b4 a5  0-1

[Event "6th Festival Gp B"]
[Site "Nancy FRA"]
[Date "2008.02.18"]
[Round "1"]
[White "Paci,C"]
[Black "Berend,F"]
[Result "1-0"]
[WhiteElo "2301"]
[BlackElo "2343"]

1.d4 Nf6 2.Bg5 e6 3.e4 c5 4.d5 h6 5.Bxf6 Qxf6 6.Nc3 a6 7.Nf3 d6 8.e5 dxe5
9.Qe2 Nd7 10.Ne4 Qe7 11.O-O-O f5 12.d6 Qd8 13.Nd4 Nf6 14.Nxc5 Bxd6 15.Ncxe6 Bxe6
16.Nxe6 Qe7 17.Nxg7+ Qxg7 18.Rxd6 Ne4 19.Qh5+ Ke7 20.Rg6 Qf7 21.Bd3 Ng5 22.Re1 e4
23.g4 Nf3 24.Re3 Ne5 25.Rxe4 Qxg6 26.Rxe5+ Kf7 27.Bc4+ Kg7 28.Re7+ Kf8 29.Rf7+  1-0

[Event "10th TCh-Euro sen"]
[Site "Dresden GER"]
[Date "2008.02.19"]
[Round "9"]
[White "Ovesen,K"]
[Black "Zanger,K"]
[Result "1/2-1/2"]
[WhiteElo "1937"]
[BlackElo "1808"]

1.d4 Nf6 2.Bg5 e6 3.Nf3 Be7 4.e3 d5 5.Bd3 Nbd7 6.Nbd2 c5 7.c3 h6 8.Bxf6 Bxf6
9.O-O a6 10.Rc1 b5 11.h3 Bb7 12.Nh2 c4 13.Bc2 a5 14.Ng4 h5 15.Nxf6+ Nxf6
16.f4 Ne4 17.Nxe4 dxe4 18.f5 Qd6 19.Rf4 O-O-O 20.Bxe4 Bxe4 21.Rxe4 exf5 22.Re5 Qxe5  1/2-1/2

[Event "79th ch-GER"]
[Site "Bad Woerishofen GER"]
[Date "2008.02.20"]
[Round "6"]
[White "Meister,Y"]
[Black "Bischoff,K"]
[Result "0-1"]
[WhiteElo "2491"]
[BlackElo "2537"]

1.d4 Nf6 2.Bg5 e6 3.Nd2 h6 4.Bh4 d5 5.e3 Be7 6.Bd3 c5 7.dxc5 Bxc5 8.Ngf3 Be7
9.O-O Nbd7 10.c4 O-O 11.Rc1 b6 12.Bb1 Bb7 13.Qe2 Rc8 14.Rfd1 Ba6 15.Bg3 Nh5
16.e4 Nxg3 17.hxg3 dxc4 18.e5 Qc7 19.b3 b5 20.a4 bxa4 21.bxc4 Rfd8 22.Qe4 Nf8
23.Ba2 Bc5 24.Qc2 Bb7 25.Qxa4 Bc6 26.Qc2 a5 27.Re1 a4 28.Ne4 Bxe4 29.Qxe4 Rb8
30.Rb1 Rxb1 31.Rxb1 Rb8 32.Rb5 a3 33.g4 g5 34.g3 Kg7 35.Kg2 Ng6 36.Bb1 Ba7
37.Qe2 Rxb5 38.cxb5 Qc5 39.Ba2 Bb6 40.Bc4 Bc7 41.Bd3 Qc3 42.Bb1 Bb6 43.Ba2 Qb4
44.Ne1 Qd4 45.Nd3 Bc7 46.Kh2 Ne7 47.Qc2 Nd5 48.Qc4 Bxe5 49.Bb3 Qa7 50.Kg2 Bd4
51.Qc2 Nc3 52.Nc1 Qb7+ 53.Kg1 Qf3 54.Bc4 Ne4 55.Nd3 Nxg3 56.Kh2 Ne2  0-1

[Event "XXIV Open"]
[Site "Cappelle La Grande FRA"]
[Date "2008.02.20"]
[Round "6"]
[White "Dzagnidze,N"]
[Black "L'Ami,E"]
[Result "1/2-1/2"]
[WhiteElo "2429"]
[BlackElo "2581"]

1.d4 Nf6 2.Bg5 e6 3.Nf3 h6 4.Bh4 b6 5.e3 Bb7 6.c4 g5 7.Bg3 Ne4 8.Nc3 Bb4
9.Qc2 d6 10.Bd3 Bxc3+ 11.bxc3 f5 12.d5 Na6 13.Bxe4 fxe4 14.Qxe4 Qf6 15.O-O Nc5
16.Qd4 O-O 17.e4 e5 18.Qe3 Qg6 19.Nd2 Rf7 20.f3 Raf8 21.Qe2 h5 22.Bf2 Nd7
23.Be3 Nf6 24.Rf2 Bc8 25.Kf1 g4 26.Ke1 h4 27.Kd1 h3 28.Kc2 Kh8 29.Raf1 hxg2
30.Rxg2 Qh7 31.Bg5 gxf3 32.Bxf6+ Rxf6 33.Rxf3 Rxf3 34.Nxf3 Qh5 35.Nd2 Qxe2
36.Rxe2 Rf4 37.Kd3 Rh4 38.Rf2 Kg7 39.Nf1 Bh3 40.Ne3 Bd7 41.Rg2+ Kf7 42.Nf1 Bh3
43.Rf2+ Ke7 44.Ng3 Bc8 45.Ke3 Ke8 46.Nf1  1/2-1/2

[Event "18th ch-IRI"]
[Site "Tehran IRI"]
[Date "2008.02.20"]
[Round "6"]
[White "Ahmadinia,E"]
[Black "Sadeh,S"]
[Result "0-1"]
[WhiteElo "2227"]
[BlackElo "2200"]

1.d4 Nf6 2.Bg5 e6 3.e4 h6 4.Bxf6 Qxf6 5.c3 c5 6.Nf3 cxd4 7.cxd4 Nc6 8.Nc3 Bb4
9.e5 Qe7 10.Rc1 d6 11.a3 Bxc3+ 12.Rxc3 O-O 13.Bd3 Rd8 14.O-O Nxd4 15.Nxd4 dxe5
16.Nb5 e4 17.Rc7 Qf6 18.Bxe4 Rxd1 19.Rxd1 e5 20.Rd6 Be6 21.Rxb7 Qf4 22.Nc3 Rc8
23.g3 Qg5 24.Kg2 Qh5 25.Rxa7 Bh3+ 26.Kg1 f5 27.Bd5+ Kh8 28.Rdd7 Rg8 29.Bxg8 Qf3
30.Bd5 e4 31.Rd8+ Kh7 32.Bg8+ Kg6 33.Rd6+ Kh5 34.Bf7+ g6 35.Bxg6+ Kg5 36.Nxe4+ Qxe4
37.f4+ Kg4 38.Bxf5+ Qxf5 39.Rc7 Qa5 40.Rg7+ Kf3 41.Rd3+ Ke2 42.Rc3 Qb6+ 43.Kh1 Qxb2
44.Rgc7 Qb1+  0-1

[Event "25th Festival Open A"]
[Site "Bled SLO"]
[Date "2008.02.24"]
[Round "2"]
[White "Martinovic,Sa"]
[Black "Sakelsek,T"]
[Result "1-0"]
[WhiteElo "2363"]
[BlackElo "2461"]

1.d4 Nf6 2.Bg5 e6 3.e4 h6 4.Bxf6 Qxf6 5.c3 d6 6.Bd3 Nd7 7.Ne2 Qd8 8.O-O Be7
9.f4 e5 10.Nd2 O-O 11.Kh1 Bf6 12.Nc4 g6 13.Rf3 Bg7 14.Qb3 Qe7 15.Raf1 a6
16.Ne3 c6 17.fxe5 dxe5 18.Rxf7 Rxf7 19.Rxf7 Qxf7 20.Bc4 Qxc4 21.Nxc4  1-0

[Event "ch-ROU"]
[Site "Cluj ROU"]
[Date "2008.02.26"]
[Round "3"]
[White "Anuta,L"]
[Black "Jianu,V"]
[Result "0-1"]
[WhiteElo "2042"]
[BlackElo "2530"]

1.d4 Nf6 2.Bg5 e6 3.c3 h6 4.Bh4 b6 5.e3 Bb7 6.f3 d5 7.Bd3 Nbd7 8.Nd2 Bd6
9.Ne2 O-O 10.f4 Qc8 11.Nf3 Ne4 12.g4 f6 13.Nd2 e5 14.Bxe4 dxe4 15.f5 exd4
16.cxd4 c5 17.Nc4 Bc7 18.O-O cxd4 19.Nxd4 Nc5 20.Rc1 Qe8 21.Rc2 Rf7 22.b4 Nd3
23.Qb1 Bd5 24.Bg3 Rd8 25.a3 Bxg3 26.hxg3 Rc7 27.Nb2 Rxc2 28.Qxc2 Rc8 29.Qd2 Ne5
30.Rc1 Rxc1+ 31.Qxc1 Nxg4 32.Nd1 Qh5 33.Qc2 Ne5 34.Nf2 Qg5 35.Kg2 Qxe3 36.Ne6 Qf3+
37.Kh2 Bxe6 38.fxe6 Qxf2+  0-1

[Event "24th Open"]
[Site "Bad Woerishofen GER"]
[Date "2008.02.29"]
[Round "2"]
[White "Rutz,M"]
[Black "De Francesco,K"]
[Result "0-1"]
[WhiteElo "2128"]
[BlackElo "2300"]

1.d4 Nf6 2.Bg5 e6 3.Nd2 h6 4.Bh4 d5 5.e3 c5 6.c3 Nbd7 7.Ngf3 Bd6 8.Bd3 Qc7
9.Bxf6 Nxf6 10.e4 dxe4 11.Nxe4 Nxe4 12.Bxe4 O-O 13.Qe2 Bd7 14.O-O Rad8 15.dxc5 Qxc5
16.Nd4 Bb8 17.Bd3 Bc8 18.Qe4 f5 19.Qe2 e5 20.Bc4+ Kh8 21.Nf3 Qe7 22.Rfe1 e4
23.Nd2 Rxd2 24.Qxd2 Qc7 25.Qd4 Rd8 26.Bd5 Qxh2+ 27.Kf1 Be5 28.Qc5 b6 29.Qb5 Qh1+
30.Ke2 Qxg2 31.Rad1 f4 32.Rg1 Bg4+ 33.Kd2 Qxf2+ 34.Kc1 Bxd1 35.Rxd1 Qe3+
36.Kb1 f3 37.Rh1 f2  0-1

[Event "Lendas do Xadrez"]
[Site "Rio de Janeiro BRA"]
[Date "2008.02.29"]
[Round "1"]
[White "Maia,JE"]
[Black "Perdomo,L"]
[Result "0-1"]
[WhiteElo "2149"]
[BlackElo "2354"]

1.d4 Nf6 2.Bg5 e6 3.Nf3 c5 4.e3 Be7 5.Nbd2 O-O 6.Bd3 b6 7.O-O Bb7 8.c3 Nc6
9.a3 cxd4 10.exd4 Nd5 11.Bxe7 Qxe7 12.Re1 f5 13.g3 Qf6 14.Qe2 Rae8 15.Ne5 Re7
16.Ndf3 Nxe5 17.dxe5 Qg6 18.Nh4 Qg5 19.Nf3 Qh5 20.Nd4 Qh6 21.f4 g5 22.c4 Nxf4
23.gxf4 Rg7 24.Rf1 gxf4+  0-1

[Event "25th Festival Open A"]
[Site "Bled SLO"]
[Date "2008.03.01"]
[Round "9"]
[White "Cebalo,M"]
[Black "Zorko,Ju"]
[Result "1/2-1/2"]
[WhiteElo "2547"]
[BlackElo "2333"]

1.d4 Nf6 2.Bg5 e6 3.e4 h6 4.Bxf6 Qxf6 5.Nc3 Bb4 6.a3 Ba5 7.b4 Bb6 8.Nf3 d6
9.e5 Qe7 10.Bd3 dxe5 11.dxe5 a5 12.Na4 axb4 13.Nxb6 cxb6 14.axb4 Qxb4+ 15.Ke2 Ra5
16.Rb1 Qc5 17.Re1 Bd7 18.Kf1 Bc6 19.Nd2 Ra4 20.Re3 Nd7 21.Qe2 O-O 22.Re1 Rfa8
23.Nb3 Qe7 24.Rg3 Rh4 25.h3 Nc5 26.Kg1 Nxd3 27.Qxd3 Rd8 28.Qe3 Qb4 29.Kh2 Kh7
30.f3 Rd7 31.Rg4 Rxg4 32.hxg4 Ba4 33.Kg3 Bxb3 34.cxb3 Qd4 35.Qxd4 Rxd4 36.Rc1 g5
37.Kf2 Rd3 38.Rc7 Kg6 39.Rxb7 Rxb3 40.Rb8 Rb2+ 41.Kg3 b5 42.Rg8+ Kh7 43.Rb8 b4
44.Kh2 b3 45.Kg3 Rb1 46.Kh2 Kg7 47.g3 b2 48.Kg2 f6 49.Rb7+ Kg6 50.exf6 Kxf6
51.f4 gxf4 52.gxf4 Kg6 53.f5+ exf5 54.gxf5+ Kxf5 55.Rb8 h5 56.Kh2 h4 57.Kg2 h3+
58.Kh2  1/2-1/2

[Event "TCh-BEL 2007-8"]
[Site "Belgium BEL"]
[Date "2008.03.02"]
[Round "10"]
[White "Vandenbussche,T"]
[Black "Kerkhof,P"]
[Result "1-0"]
[WhiteElo "2235"]
[BlackElo "2209"]

1.d4 Nf6 2.Bg5 e6 3.e4 c5 4.d5 d6 5.Nc3 Be7 6.Bb5+ Bd7 7.dxe6 fxe6 8.e5 dxe5
9.Qe2 Nc6 10.O-O-O Nd5 11.Nxd5 Bxg5+ 12.Ne3 Bxe3+ 13.Qxe3 Qe7 14.Nf3 O-O-O
15.c3 a6 16.Ba4 h6 17.Rhe1 Rhf8 18.Bxc6 Bxc6 19.Nxe5 Rxd1+ 20.Rxd1 Rd8 21.Rxd8+ Kxd8
22.Nxc6+ bxc6 23.Qe5 Kd7 24.g3 Qg5+ 25.Qxg5 hxg5 26.h3 Kd6 27.Kd2 Kd5 28.Kd3 c4+
29.Ke3 Ke5 30.f3 c5 31.f4+ gxf4+ 32.gxf4+ Kf5 33.Kf3 a5 34.a4 g6 35.h4 e5
36.fxe5 Kxe5 37.Kg4 Kf6 38.Kf4 Ke6 39.Kg5 Kf7 40.Kg4 Kf6 41.Kf4 Ke6 42.Kg5 Kf7
43.h5 gxh5 44.Kxh5 Kf6 45.Kh6 Kf5 46.Kg7 Ke4 47.Kf6 Kd3 48.Ke5 Kc2 49.Kd5 Kb3
50.Kxc5 Kxa4 51.Kb6 Kb3 52.Kxa5  1-0

[Event "TCh-BEL 2007-8"]
[Site "Belgium BEL"]
[Date "2008.03.06"]
[Round "11"]
[White "Nieto,E"]
[Black "Jens,J"]
[Result "0-1"]
[WhiteElo "2239"]
[BlackElo "2409"]

1.d4 Nf6 2.Bg5 e6 3.e4 h6 4.Bxf6 Qxf6 5.Qd3 d6 6.Nc3 c6 7.O-O-O e5 8.Nf3 exd4
9.Qxd4 Qxd4 10.Nxd4 g6 11.Nb3 Ke7 12.g3 Bg7 13.Ne2 Na6 14.Ned4 Nc7 15.Na5 Ne6
16.Ndb3 Rd8 17.Bg2 Kd7 18.Rd2 Kc7 19.Rhd1 Rb8 20.f4 Bf8 21.Nd4 Nxd4 22.Rxd4 b6
23.Nc4 Bg4 24.R1d2 Be6 25.Ne3 b5 26.R4d3 Bg7 27.Kb1 Rb6 28.e5 d5 29.c4 bxc4
30.Nxc4 dxc4 31.Rxd8 c3 32.R2d3 cxb2 33.Rd1 Bf5+ 34.R8d3 g5 35.g4 Bxd3+ 36.Rxd3 gxf4
37.Ra3 a6 38.Ra5 Rb5 39.Rxa6 Rxe5 40.Rxc6+ Kd7  0-1

[Event "10th WCh-University"]
[Site "Novokuznetsk RUS"]
[Date "2008.03.06"]
[Round "4"]
[White "Moosavian,S"]
[Black "Bocharov,D"]
[Result "0-1"]
[WhiteElo "2349"]
[BlackElo "2600"]

1.d4 Nf6 2.Bg5 e6 3.e4 h6 4.Bxf6 Qxf6 5.Qd2 d6 6.Nc3 c6 7.f4 e5 8.dxe5 dxe5
9.f5 Qg5 10.Qd3 Bb4 11.Nf3 Qe7 12.a3 Ba5 13.Qd2 Nd7 14.Bd3 Nf6 15.O-O b5
16.Kh1 Bb7 17.Qe2 O-O 18.Nd1 c5 19.c4 bxc4 20.Bc2 Rfd8 21.Qxc4 Rac8 22.Nf2 Ne8
23.Ng4 Nd6 24.Qa4 Qc7 25.Ngxe5 c4 26.Rac1 Ba6 27.Bb1 c3 28.Rg1 Bb5 29.Qb3 Qb7
30.bxc3 Bc6 31.Qxb7 Bxb7 32.c4 Nxe4 33.Bxe4 Bxe4 34.Rgf1 Rc5 35.f6 gxf6 36.Ng4 Kg7
37.Nh4 Bd3 38.Rf2 Rxc4 39.Rxc4 Bxc4 40.h3 Rd1+ 41.Kh2 Bc7+ 42.g3 Bd5 43.Ng2 Bb6
44.Rc2 Bg1+ 45.Kh1 h5  0-1

[Event "Open"]
[Site "Blackpool ENG"]
[Date "2008.03.08"]
[Round "3"]
[White "Waters,C"]
[Black "Davies,Ni"]
[Result "0-1"]
[WhiteElo "2097"]
[BlackElo "2480"]

1.d4 Nf6 2.Bg5 e6 3.Nf3 h6 4.Bxf6 Qxf6 5.e4 d6 6.Nc3 Nd7 7.Qd2 g5 8.O-O-O Bg7
9.h3 a6 10.Qe3 O-O 11.g3 b5 12.Bg2 Bb7 13.Nh2 Qe7 14.h4 Rfc8 15.hxg5 hxg5
16.Ng4 c5 17.Ne2 cxd4 18.Nxd4 Ne5 19.Nxe5 dxe5 20.Ne2 Rd8 21.g4 Rxd1+ 22.Rxd1 Rc8
23.Rd3 Bf6 24.Ng3 Qc7 25.Qd2 Bc6 26.Nf1 Be7 27.Ne3 b4 28.Kb1 a5 29.Nd5 exd5
30.exd5 e4 31.d6 exd3 32.dxc7 Bxg2 33.f3 dxc2+ 34.Qxc2 Bxf3 35.Qf5 Bb7 36.Qxa5 Bc6
37.Kc1 Bd7 38.Qe5 Bd8 39.Kd2 Rxc7 40.Qd6 b3 41.axb3 Kg7 42.b4 Be6 43.Ke3 Rd7
44.Qe5+ Bf6  0-1

[Event "TCh-FIN 2007-8"]
[Site "Finland FIN"]
[Date "2008.03.09"]
[Round "9"]
[White "Paasikangas,J"]
[Black "Agopov,M"]
[Result "0-1"]
[WhiteElo "2287"]
[BlackElo "2444"]

1.d4 Nf6 2.Bg5 e6 3.Nf3 b6 4.e3 Bb7 5.Bd3 c5 6.c3 h6 7.Bh4 cxd4 8.exd4 Be7
9.O-O O-O 10.Re1 d6 11.Nbd2 Nbd7 12.a4 Rb8 13.Qe2 Re8 14.a5 bxa5 15.Nc4 Bxf3
16.Qxf3 d5 17.Nxa5 Rxb2 18.Nc6 Qc7 19.Nxe7+ Rxe7 20.Bg3 Qb7 21.Bd6 Re8 22.Bb4 Nb8
23.Qd1 Nc6 24.Qc1 Rb3 25.Bc5 Nd7 26.Ba6 Qc7 27.c4 Nxc5 28.dxc5 d4 29.Bb5 Rd8
30.Qc2 Rc3 31.Qa4 Ne5 32.c6 d3 33.h3 a5 34.Red1 Rc8 35.Ba6 Rb8 36.Bb5 Nxc4
37.Bxc4 Rb4 38.Qxa5 Qxa5 39.Rxa5 Rbxc4 40.Ra8+ Kh7 41.Rd8 g5 42.R8xd3 Rxd3
43.Rxd3 Rxc6 44.Kh2 h5 45.Kg3 Rc4 46.Ra3 Rf4 47.f3 h4+ 48.Kf2 Rb4 49.Ra2 Kg6
50.Rc2 Kf5 51.Ke3 f6 52.Rc5+ e5 53.Rc2 Rb3+ 54.Kf2 Rb4 55.Ke3 Rb3+ 56.Kf2 Ra3
57.Rb2 Rc3 58.Re2 Rd3 59.Ra2 Kf4 60.Rb2 f5 61.Ra2 e4 62.fxe4 fxe4 63.Ra4 Rd2+
64.Kg1 Kg3 65.Ra3+ Rd3 66.Ra1 e3 67.Kf1 Rd2 68.Ra3 Rf2+ 69.Ke1 Kxg2 70.Rxe3 Rf3  0-1